LEADER 00982nam0 2200289 450 001 000027724 005 20110110133322.0 010 $a88-14-14390-0 100 $a20100831d2008----km-y0itay50------ba 101 0 $aita 102 $aIT 105 $ay-------001yy 200 1 $aAccesso alla rete e uguaglianza digitale$fa cura di Eugenio De Marco$gcon i contributi di Anna Papa ... [et al.] 210 $aMilano$cGiuffrè$d2008 215 $aVII, 117 p.$d24 cm 225 2 $aCollana di diritto pubblico$fUniversità degli studi di Milano, Dipartimento giuridico-politico$v28 410 0$12001$aCollana di diritto pubblico 610 1 $aInternet$aAspetti giuridici 676 $a005.276$v21 676 $a354.75$v21 702 1$aDe Marco,$bEugenio 702 1$aPapa,$bAnna 801 0$aIT$bUNIPARTHENOPE$c20100831$gRICA$2UNIMARC 912 $a000027724 951 $a354-A/1$b42470$cNAVA1$d2010 996 $aAccesso alla rete e uguaglianza digitale$9809903 997 $aUNIPARTHENOPE LEADER 01144nam 2200385 450 001 990001024110203316 035 $a0102411 035 $aUSA010102411 035 $a(ALEPH)000102411USA01 035 $a0102411 100 $a20020308d--------km-y0itay0103----ba 101 $aita 102 $aIT 110 $aaia-------- 200 1 $aBollettino di informazione costituzionali e parlamentari 210 $aRoma$cCD Segreteria generale, Uffuci per l'informazione parlamentare 215 $av.$d24 cm 326 $aQuadrimestrale 410 $12001 421 1$1001-------$12001 430 1$1001-------$12001 606 $aDiritto costituzionale$xperiodici 676 $a342.05 801 0$aIT$bsalbc$gISBD 912 $a990001024110203316 958 $aEC$bPER V I$c1981 959 $aSE 969 $aUMA 979 $aPATTY$b90$c20020308$lUSA01$h1558 979 $aPATTY$b90$c20020308$lUSA01$h1558 979 $aPATTY$b90$c20020318$lUSA01$h1716 979 $c20020403$lUSA01$h1743 979 $aPATRY$b90$c20040406$lUSA01$h1711 996 $aBollettino di informazione costituzionali e parlamentari$9977296 997 $aUNISA